00297nam a2200121Ia 4500008004100000100001800041245004200059260003100101300000800132650001300140942000700153999001500160190216s9999||||xx |||||||||||||| ||und|| aLucas C Henry 0aInformation Technology For Management bTata Mcgrawhill Publishers a730 aCommerce cBK c7205d7205